000 00305nam a22001337a 4500
008 170824b xxu||||| |||| 00| 0 eng d
020 _a9781435114005
041 _aeng
080 _a51
100 _a38
101 _aMAT
245 _aALGEBRA THE X AND Y OF EVERAYDAY MATH
_cWILLERS,M
942 _2udc
_cBK
999 _c24823
_d24823